Normal view MARC view

Entry Personal Name

Number of records used in: 1

001 - CONTROL NUMBER

  • control field: 88547

003 - CONTROL NUMBER IDENTIFIER

  • control field: dpl

005 - DATE AND TIME OF LATEST TRANSACTION

  • control field: 20260313175511.0

008 - FIXED-LENGTH DATA ELEMENTS

  • fixed length control field: 260313|| aca||aabn | a|a d

040 ## - CATALOGING SOURCE

  • Original cataloging agency: dpl
  • Transcribing agency: dpl

100 ## - HEADING--PERSONAL NAME

  • Personal name: गुप्ता,आर

670 ## - SOURCE DATA FOUND

  • Source citation: Work cat.: (dpl)215416: गुप्ता,आर., आर गुप्त कृत राष्ट्रीय रक्षा अकादमी एवं नौसेना अकादमी(एन.डी.ए. और एन.ए.) प्रवेश परीक्षा गणितः, 2026

© Delhi Public Library
Hit Counter
free hit counter